[Event "41 Abierto Ciudad de Sevilla 2016"]
[Site "Sevilla ESP"]
[Date "2016.01.11"]
[Round "4.14"]
[White "Balbuena Fuentes, Mario"]
[Black "Ramirez Guerrero, Enrique"]
[Result "0-1"]
[WhiteElo "2268"]
[BlackElo "2010"]
[PlyCount "90"]
[EventDate "2016.01.08"]
[EventType "swiss"]
[EventRounds "9"]
[EventCountry "ESP"]
[Source "lmi"]
[SourceDate "2016.01.08"]

1. e4 e6 2. d4 d5 3. Nd2 dxe4 4. Nxe4 Bd7 5. Nf3 Bc6 6. Bd3 Nd7 7. Qe2 Ngf6 8.
Neg5 Bxf3 9. Qxf3 h6 10. Nxe6 Qe7 11. Kd1 fxe6 12. Qxb7 Nb6 13. Bg6+ Kd8 14.
Bf4 Nfd5 15. Be5 c5 16. Qxe7+ Bxe7 17. Be4 Rg8 18. dxc5 Bxc5 19. b3 Bb4 20. Kc1
Rc8 21. c4 Ke7 22. Bf3 g5 23. Kb2 Nf4 24. Rad1 Rcd8 25. Be4 Bc5 26. g3 Nh3 27.
Bh7 Nxf2 28. Rxd8 Rxd8 29. Rf1 Nd3+ 30. Bxd3 Rxd3 31. Kc2 Rd7 32. Bg7 Be3 33.
Bf8+ Ke8 34. Bxh6 Rd2+ 35. Kc3 Rxh2 36. Bg7 Nd7 37. a4 e5 38. Kd3 Bf2 39. Ke4
Bxg3 40. Kf5 Bf4 41. Kg6 g4 42. Rd1 g3 43. c5 Nxc5 44. Bf6 Nd7 45. Rd6 Nxf6 0-1

[Event "41 Abierto Ciudad de Sevilla 2016"]
[Site "Sevilla ESP"]
[Date "2016.01.11"]
[Round "4.15"]
[White "Fernandez Montero, Francisco M"]
[Black "Delgado Lozano, Jose Manuel"]
[Result "1/2-1/2"]
[WhiteElo "2097"]
[BlackElo "1877"]
[PlyCount "32"]
[EventDate "2016.01.08"]
[EventType "swiss"]
[EventRounds "9"]
[EventCountry "ESP"]
[Source "lmi"]
[SourceDate "2016.01.08"]

1. e4 c6 2. d4 d5 3. exd5 cxd5 4. c4 e6 5. Nc3 Nf6 6. Nf3 Be7 7. Bd3 O-O 8. O-O
dxc4 9. Bxc4 a6 10. d5 b5 11. Bb3 b4 12. Na4 Nxd5 13. Bxd5 Qxd5 14. Qxd5 exd5
15. Nb6 Ra7 16. Nxd5 Bc5 1/2-1/2

[Event "41 Abierto Ciudad de Sevilla 2016"]
[Site "Sevilla ESP"]
[Date "2016.01.11"]
[Round "4.16"]
[White "Degro, Heiko"]
[Black "Gavira Galocha, Antonio Jesus"]
[Result "1-0"]
[WhiteElo "2089"]
[BlackElo "2007"]
[PlyCount "46"]
[EventDate "2016.01.08"]
[EventType "swiss"]
[EventRounds "9"]
[EventCountry "ESP"]
[Source "lmi"]
[SourceDate "2016.01.08"]

1. e4 e6 2. d4 d5 3. e5 c5 4. c3 Nc6 5. Nf3 Bd7 6. Be2 Qb6 7. O-O cxd4 8. cxd4
Nge7 9. Na3 Nf5 10. Nc2 h5 11. Rb1 a5 12. Bg5 Nb4 13. Nxb4 axb4 14. Ra1 Bb5 15.
Re1 Bxe2 16. Rxe2 Be7 17. Bxe7 Nxe7 18. Re3 Nc6 19. Rd3 O-O 20. Ng5 g6 21. g4
hxg4 22. Qxg4 Kg7 23. Qh4 Rh8 1-0

[Event "41 Abierto Ciudad de Sevilla 2016"]
[Site "Sevilla ESP"]
[Date "2016.01.11"]
[Round "4.17"]
[White "Rizouk, Aimen"]
[Black "Martin Rengel, Jose Maria"]
[Result "1-0"]
[WhiteElo "2511"]
[BlackElo "2003"]
[PlyCount "103"]
[EventDate "2016.01.08"]
[EventType "swiss"]
[EventRounds "9"]
[EventCountry "ESP"]
[Source "lmi"]
[SourceDate "2016.01.08"]

1. e4 c5 2. Nf3 d6 3. d4 cxd4 4. Nxd4 Nf6 5. Nc3 a6 6. Be3 e5 7. Nb3 Ng4 8. Bc1
Qb6 9. Qe2 Be6 10. f3 Nf6 11. Be3 Qc7 12. O-O-O b5 13. g4 b4 14. Nd5 Bxd5 15.
exd5 Nbd7 16. g5 Nh5 17. f4 g6 18. Bh3 Bg7 19. Bg4 a5 20. Bxh5 gxh5 21. f5 a4
22. Nd2 f6 23. Ne4 b3 24. a3 Qxc2+ 25. Qxc2 bxc2 26. Rdf1 Ra6 27. Rhg1 Kf7 28.
Rg2 Rc8 29. Rxc2 Rxc2+ 30. Kxc2 Nb6 31. Nxd6+ Ke7 32. Bc5 Nxd5 33. Rd1 Nf4 34.
Nb5+ Kf7 35. Rd7+ Kg8 36. Rd8+ Kf7 37. Nd6+ Ke7 38. Re8+ Kd7 39. Rg8 Kc6 40.
Bb4 Ra7 41. Ne8 Ra8 42. gxf6 Bh6 43. f7 Rc8 44. Nf6 Rc7 45. f8=Q Kb5+ 46. Bc3
Bxf8 47. Rxf8 Rg7 48. Rb8+ Kc6 49. Bxe5 Rg2+ 50. Kc3 Ne2+ 51. Kc4 Rf2 52. Nd5
1-0

[Event "41 Abierto Ciudad de Sevilla 2016"]
[Site "Sevilla ESP"]
[Date "2016.01.11"]
[Round "4.18"]
[White "Campora Sivori, Daniel"]
[Black "Gimenez Iturralde, Daniel"]
[Result "1-0"]
[WhiteElo "2466"]
[BlackElo "1994"]
[PlyCount "148"]
[EventDate "2016.01.08"]
[EventType "swiss"]
[EventRounds "9"]
[EventCountry "ESP"]
[Source "lmi"]
[SourceDate "2016.01.08"]

1. d4 g6 2. e4 Bg7 3. Nc3 d6 4. f4 e6 5. Nf3 Ne7 6. Be3 Nd7 7. Qd2 a6 8. Bd3 b5
9. a4 b4 10. Nd1 c5 11. O-O O-O 12. c3 bxc3 13. bxc3 Rb8 14. e5 Nd5 15. Bf2
cxd4 16. cxd4 dxe5 17. fxe5 a5 18. Nc3 Nxc3 19. Qxc3 Bb7 20. Bh4 Qb6 21. Rab1
Qa7 22. Bf2 Bd5 23. Rxb8 Rxb8 24. Bb5 Nb6 25. Qe3 Rc8 26. Rc1 Qb7 27. Rxc8+
Qxc8 28. Be1 Qc2 29. Qc3 Qxc3 30. Bxc3 Bb3 31. Bxa5 Bxa4 32. Bxa4 Nxa4 33. Kf2
Nb2 34. Ke2 Nc4 35. Bd8 Kf8 36. Kd3 Na3 37. Ng5 h6 38. Ne4 Ke8 39. Bb6 Kd7 40.
Nd6 f6 41. Bc5 Nb1 42. Nc4 Kc6 43. Be7 fxe5 44. Nxe5+ Kd5 45. Nf3 g5 46. h3 Bh8
47. Bf8 Bf6 48. Kc2 g4 49. hxg4 Ke4 50. Kxb1 Kf4 51. Kc2 Kxg4 52. Bd6 h5 53.
Kd3 h4 54. Ke4 h3 55. Nh2+ Kh4 56. g3+ Kh5 57. Be5 Be7 58. Kf3 Bb4 59. g4+ Kg5
60. Kg3 Ba5 61. Kxh3 Bd8 62. Nf3+ Kg6 63. Kg3 Be7 64. Kf4 Bd8 65. Ke4 Be7 66.
Bg3 Bf6 67. Bh4 Bg7 68. Ne5+ Kh7 69. Be7 Kg8 70. g5 Kh7 71. Kf4 Kg8 72. Kg4 Kh7
73. g6+ Kg8 74. Kg5 Bxe5 1-0

[Event "41 Abierto Ciudad de Sevilla 2016"]
[Site "Sevilla ESP"]
[Date "2016.01.11"]
[Round "4.19"]
[White "Morais, Vitor"]
[Black "Lopez Gonzalez, Daniel"]
[Result "0-1"]
[WhiteElo "1994"]
[BlackElo "2271"]
[PlyCount "116"]
[EventDate "2016.01.08"]
[EventType "swiss"]
[EventRounds "9"]
[EventCountry "ESP"]
[Source "lmi"]
[SourceDate "2016.01.08"]

1. d4 d5 2. Nf3 Nf6 3. g3 c6 4. Bg2 e6 5. O-O Nbd7 6. b3 b6 7. c4 Be7 8. Bb2
O-O 9. Nbd2 Bb7 10. Qc2 Rc8 11. e4 c5 12. e5 Ne8 13. Rfe1 dxc4 14. bxc4 cxd4
15. Ng5 Bxg5 16. Bxb7 Rc7 17. Be4 Bxd2 18. Qxd2 Nxe5 19. Bxh7+ Kxh7 20. Rxe5
Nf6 21. Bxd4 Rd7 22. Qc2+ Kg8 23. Bc3 Qa8 24. Qe2 Rfd8 25. Rc1 Rd3 26. Re3 Rxe3
27. Qxe3 Ne4 28. Re1 Nxc3 29. Qxc3 Qc6 30. Rc1 f6 31. f3 Qc5+ 32. Kg2 Rd4 33.
Qe3 Kf7 34. Qc3 Rd7 35. Rc2 Rc7 36. a4 a6 37. Rb2 b5 38. axb5 axb5 39. Qa5 bxc4
40. Qxc5 Rxc5 41. Kf2 e5 42. Ke3 Ke6 43. Rc2 Kd5 44. f4 c3 45. fxe5 fxe5 46.
Kd3 e4+ 47. Ke3 Kc4 48. Kxe4 Kb3 49. Rc1 Kb2 50. Rg1 c2 51. h4 c1=Q 52. Rxc1
Kxc1 53. g4 Kd2 54. Kf4 Kd3 55. h5 Kd4 56. g5 Re5 57. Kg4 Kd5 58. h6 g6 0-1

[Event "41 Abierto Ciudad de Sevilla 2016"]
[Site "Sevilla ESP"]
[Date "2016.01.11"]
[Round "4.20"]
[White "Vela Ignacio*, Jose Manuel"]
[Black "Sgnaolin, Davide"]
[Result "0-1"]
[WhiteElo "1986"]
[BlackElo "2257"]
[PlyCount "72"]
[EventDate "2016.01.08"]
[EventType "swiss"]
[EventRounds "9"]
[EventCountry "ESP"]
[Source "lmi"]
[SourceDate "2016.01.08"]

1. f4 d5 2. Nf3 Nf6 3. e3 Bg4 4. d4 e6 5. Bd3 c5 6. c3 Nc6 7. O-O Be7 8. Qe1
Bxf3 9. Rxf3 Ne4 10. Nd2 f5 11. Rh3 Qc7 12. Nxe4 fxe4 13. Be2 g6 14. Bd2 c4 15.
b3 b5 16. Qd1 O-O 17. Be1 Qd6 18. Bh4 Bxh4 19. Rxh4 Ne7 20. g4 Rfe8 21. Qe1 a5
22. Qg3 Ra7 23. Qh3 Nc6 24. f5 exf5 25. gxf5 gxf5 26. Qxf5 Rg7+ 27. Kh1 Rf8 28.
Qh3 Ne7 29. Rg1 Rxg1+ 30. Kxg1 cxb3 31. axb3 Ng6 32. Rh6 Qf6 33. Qh5 Qf2+ 34.
Kh1 Qe1+ 35. Kg2 Rf2+ 36. Kh3 Qg1 0-1

[Event "41 Abierto Ciudad de Sevilla 2016"]
[Site "Sevilla ESP"]
[Date "2016.01.12"]
[Round "5.1"]
[White "Burmakin, Vladimir"]
[Black "Perez Mitjans, Orelvis"]
[Result "1-0"]
[WhiteElo "2539"]
[BlackElo "2455"]
[PlyCount "133"]
[EventDate "2016.01.08"]
[EventType "swiss"]
[EventRounds "9"]
[EventCountry "ESP"]
[Source "lmi"]
[SourceDate "2016.01.08"]

1. Nf3 Nc6 2. d4 d5 3. c3 Bg4 4. Qb3 Rb8 5. Bf4 e6 6. Nbd2 Bd6 7. Bg3 Nge7 8.
e3 O-O 9. Bd3 Bf5 10. c4 dxc4 11. Qxc4 Bxg3 12. hxg3 h6 13. Bxf5 Nxf5 14. Rc1
Nd6 15. Qc5 Rc8 16. O-O a6 17. Nb3 Ne4 18. Qc4 Qd5 19. Qxd5 exd5 20. Rfd1 f6
21. Ne1 Nd8 22. Na5 c6 23. g4 Rc7 24. Nd3 Re8 25. g3 Ne6 26. Kg2 Rd7 27. a4 Kf7
28. Nb3 Ree7 29. Rc2 Rd8 30. Rdc1 Kf8 31. Nd2 Nxd2 32. Rxd2 Ng5 33. Rdc2 Kf7
34. b4 Ne4 35. b5 cxb5 36. axb5 a5 37. b6 g5 38. Ra1 Ra8 39. Rca2 Ra6 40. Rxa5
Rxb6 41. Rxd5 Rb3 42. Nc5 Rb5 43. Ra7 Rc7 44. Na6 Rxd5 45. Nxc7 Rd7 46. Rxb7
Re7 47. Ra7 Kg6 48. Nb5 Rxa7 49. Nxa7 h5 50. gxh5+ Kxh5 51. g4+ Kg6 52. Nc6 Kf7
53. Kf3 Nc3 54. e4 Ke6 55. Ke3 Nd1+ 56. Ke2 Nc3+ 57. Kd3 Nd1 58. f3 Nf2+ 59.
Ke3 Nh3 60. Nb4 Nf4 61. Nd3 Ng6 62. f4 Ke7 63. fxg5 fxg5 64. e5 Nh4 65. Ke4 Kf7
66. d5 Ng2 67. d6 1-0

[Event "41 Abierto Ciudad de Sevilla 2016"]
[Site "Sevilla ESP"]
[Date "2016.01.12"]
[Round "5.2"]
[White "Sundararajan, Kidambi"]
[Black "Teran Alvarez, Ismael"]
[Result "1-0"]
[WhiteElo "2508"]
[BlackElo "2416"]
[PlyCount "61"]
[EventDate "2016.01.08"]
[EventType "swiss"]
[EventRounds "9"]
[EventCountry "ESP"]
[Source "lmi"]
[SourceDate "2016.01.08"]

1. d4 Nf6 2. Nf3 e6 3. c4 b6 4. a3 Bb7 5. Nc3 g6 6. Qc2 Bxf3 7. exf3 Nc6 8. Be3
Bg7 9. Be2 O-O 10. O-O-O d5 11. cxd5 exd5 12. g4 Na5 13. h4 c6 14. h5 Qd7 15.
g5 Ne8 16. hxg6 hxg6 17. Bf4 Nd6 18. Be5 Ndc4 19. f4 Qe7 20. Bd3 Bxe5 21. dxe5
Kg7 22. e6 Rh8 23. exf7 Nxa3 24. bxa3 Qxa3+ 25. Qb2 Nb3+ 26. Kb1 Qxb2+ 27. Kxb2
Nc5 28. Bc2 Ne6 29. Rhe1 Nxf4 30. Rd4 Nh3 31. Re6 1-0

[Event "41 Abierto Ciudad de Sevilla 2016"]
[Site "Sevilla ESP"]
[Date "2016.01.12"]
[Round "5.3"]
[White "Satyapragyan, Swayangsu"]
[Black "Vorobiov, Evgeny E"]
[Result "1/2-1/2"]
[WhiteElo "2410"]
[BlackElo "2572"]
[PlyCount "70"]
[EventDate "2016.01.08"]
[EventType "swiss"]
[EventRounds "9"]
[EventCountry "ESP"]
[Source "lmi"]
[SourceDate "2016.01.08"]

1. e4 c5 2. Nf3 e6 3. d4 cxd4 4. Nxd4 a6 5. Be2 Nf6 6. Nc3 Qc7 7. O-O Be7 8. f4
d6 9. Kh1 O-O 10. a4 Nc6 11. Be3 Re8 12. Bf3 Bf8 13. Qd2 Na5 14. b3 Nc6 15. a5
Nxa5 16. e5 dxe5 17. fxe5 Nd7 18. Ne4 Nc6 19. Nxc6 bxc6 20. Nd6 Rd8 21. Nxf7
Kxf7 22. Bxc6+ Nf6 23. Qa5 Qxa5 24. Rxa5 Rb8 25. exf6 gxf6 26. Rxf6+ Kxf6 27.
Bg5+ Kf7 28. Bxd8 Bd7 29. Bc7 Rc8 30. Bxd7 Rxc7 31. Ba4 Rxc2 32. g3 Bc5 33.
Rxa6 Rc1+ 34. Kg2 Rc2+ 35. Kh1 Rc1+ 1/2-1/2

[Event "41 Abierto Ciudad de Sevilla 2016"]
[Site "Sevilla ESP"]
[Date "2016.01.12"]
[Round "5.4"]
[White "Hoffman, Alejandro"]
[Black "Ladron De Guevara Pinto, Paolo"]
[Result "1-0"]
[WhiteElo "2476"]
[BlackElo "2348"]
[PlyCount "50"]
[EventDate "2016.01.08"]
[EventType "swiss"]
[EventRounds "9"]
[EventCountry "ESP"]
[Source "lmi"]
[SourceDate "2016.01.08"]

1. d4 Nf6 2. c4 g6 3. Nc3 Bg7 4. e4 d6 5. Nf3 O-O 6. Be2 Bg4 7. Be3 Nfd7 8. O-O
e5 9. d5 a5 10. a3 f5 11. exf5 Bxf3 12. Bxf3 gxf5 13. Be2 Na6 14. Qc2 Qe7 15.
Rae1 Kh8 16. f4 e4 17. h3 Qh4 18. Kh2 Nf6 19. g3 Qh6 20. Nb5 Qg6 21. Rg1 Rad8
22. g4 fxg4 23. Bxg4 Qh6 24. Be6 Nh5 25. Qxe4 Nxf4 1-0

[Event "41 Abierto Ciudad de Sevilla 2016"]
[Site "Sevilla ESP"]
[Date "2016.01.12"]
[Round "5.5"]
[White "Gutierrez Jimenez, Juan Manuel"]
[Black "Fernandez Romero, Ernesto"]
[Result "0-1"]
[WhiteElo "2288"]
[BlackElo "2475"]
[PlyCount "80"]
[EventDate "2016.01.08"]
[EventType "swiss"]
[EventRounds "9"]
[EventCountry "ESP"]
[Source "lmi"]
[SourceDate "2016.01.08"]

1. Nf3 Nf6 2. g3 d5 3. Bg2 e6 4. O-O c5 5. c4 d4 6. d3 Nc6 7. e3 Be7 8. exd4
cxd4 9. Bf4 O-O 10. Ne5 Qb6 11. Nxc6 bxc6 12. Qb3 Bb7 13. Nd2 Nd7 14. Qxb6 axb6
15. Nb3 e5 16. Bd2 Ra7 17. a4 c5 18. Bxb7 Rxb7 19. f4 Bd6 20. Rfe1 f6 21. f5
Kf7 22. Re4 Nb8 23. Be1 Nc6 24. g4 g6 25. Bh4 gxf5 26. gxf5 Rg8+ 27. Kh1 Nb4
28. Rd1 Ra7 29. a5 bxa5 30. Be1 a4 31. Bxb4 axb3 32. Bd2 Ra2 33. Bc1 Ra1 34.
Rh4 Rg7 35. h3 Bc7 36. Re4 Ba5 37. Re2 Rg3 38. Kh2 Rf3 39. Rg2 Rxf5 40. Rdg1
Ke6 0-1

[Event "41 Abierto Ciudad de Sevilla 2016"]
[Site "Sevilla ESP"]
[Date "2016.01.12"]
[Round "5.6"]
[White "Lei, Tingjie"]
[Black "Pogorelov, Ruslan"]
[Result "0-1"]
[WhiteElo "2474"]
[BlackElo "2336"]
[PlyCount "130"]
[EventDate "2016.01.08"]
[EventType "swiss"]
[EventRounds "9"]
[EventCountry "ESP"]
[Source "lmi"]
[SourceDate "2016.01.08"]

1. d4 Nf6 2. c4 e6 3. Nf3 Bb4+ 4. Nbd2 b6 5. a3 Bxd2+ 6. Bxd2 Ne4 7. g3 Bb7 8.
Bg2 a5 9. Bf4 d6 10. O-O Ra7 11. Qc2 O-O 12. Rfe1 a4 13. Rad1 Qe7 14. d5 Nc5
15. Ng5 g6 16. dxe6 fxe6 17. Bxb7 Rxb7 18. Ne4 Nxe4 19. Qxe4 Ra7 20. h4 Nd7 21.
Bh6 Re8 22. Bg5 Qf7 23. Kg2 Nc5 24. Qc2 e5 25. f3 e4 26. Be3 exf3+ 27. exf3
Raa8 28. Bh6 Rxe1 29. Rxe1 Re8 30. Rf1 Qf6 31. Rf2 Qf5 32. Qc3 Qe5 33. Qd2 Qf5
34. g4 Qe6 35. h5 Qxc4 36. hxg6 hxg6 37. Qg5 Qf7 38. Rd2 Re5 39. Qd8+ Re8 40.
Qg5 Re5 41. Qd8+ Re8 42. Qh4 Ne6 43. Kg3 Qe7 44. Qh3 Qf6 45. Re2 Kf7 46. Be3
Rh8 47. Bh6 Nf4 48. Qf1 Nxe2+ 49. Qxe2 Qe5+ 50. Qxe5 dxe5 51. Bd2 Ke6 52. Bc3
Rf8 53. Bd2 c5 54. f4 exf4+ 55. Bxf4 b5 56. Be3 Kd5 57. Kh4 Re8 58. Bd2 Kc4 59.
Kg5 b4 60. axb4 cxb4 61. Kxg6 Re2 62. Bg5 Rxb2 63. Bf6 Rg2 64. g5 b3 65. Kf7 b2
0-1

[Event "41 Abierto Ciudad de Sevilla 2016"]
[Site "Sevilla ESP"]
[Date "2016.01.12"]
[Round "5.7"]
[White "Paunovic, Dragan"]
[Black "Degro, Heiko"]
[Result "1-0"]
[WhiteElo "2432"]
[BlackElo "2089"]
[PlyCount "67"]
[EventDate "2016.01.08"]
[EventType "swiss"]
[EventRounds "9"]
[EventCountry "ESP"]
[Source "lmi"]
[SourceDate "2016.01.08"]

1. Nf3 d5 2. d4 Nf6 3. c4 e6 4. Nc3 Be7 5. Bg5 h6 6. Bxf6 Bxf6 7. e3 O-O 8. Rc1
c6 9. Be2 Nd7 10. O-O a6 11. a4 a5 12. e4 dxe4 13. Nxe4 Be7 14. Qc2 Nf6 15.
Rfd1 Qc7 16. c5 Qf4 17. Nxf6+ Bxf6 18. g3 Qc7 19. Qe4 g6 20. Ne5 Bg7 21. h4 f5
22. Qe3 Rf6 23. f4 Bd7 24. Rb1 Be8 25. b4 axb4 26. Rxb4 Rf8 27. Qb3 Bxe5 28.
dxe5 Qa5 29. Qc4 Bf7 30. Rxb7 Rfd8 31. Rxd8+ Rxd8 32. Qb4 Qa8 33. a5 Kg7 34. a6
1-0

[Event "41 Abierto Ciudad de Sevilla 2016"]
[Site "Sevilla ESP"]
[Date "2016.01.12"]
[Round "5.8"]
[White "Espinoza Palomino, Willyam"]
[Black "Granero Roca, Antonio"]
[Result "1-0"]
[WhiteElo "2342"]
[BlackElo "2410"]
[PlyCount "79"]
[EventDate "2016.01.08"]
[EventType "swiss"]
[EventRounds "9"]
[EventCountry "ESP"]
[Source "lmi"]
[SourceDate "2016.01.08"]

1. e4 c5 2. Nf3 Nc6 3. d4 cxd4 4. Nxd4 g6 5. Nc3 Bg7 6. Be3 Nf6 7. Bc4 O-O 8.
Bb3 a5 9. O-O d6 10. Ndb5 Be6 11. Bxe6 fxe6 12. Qe2 Qc8 13. f4 Ne8 14. Na4 Ra6
15. Rad1 Nc7 16. c4 e5 17. f5 Ne8 18. Nb6 Qd8 19. Nd5 gxf5 20. exf5 Nb4 21.
Ndc3 Qc8 22. g4 Rc6 23. a3 Na6 24. Na7 Qa8 25. Nxc6 bxc6 26. Ne4 Nac7 27. Ng3
d5 28. Nh5 Bh8 29. Bh6 Nd6 30. cxd5 cxd5 31. Bxf8 Qxf8 32. Qe3 Qf7 33. Qg5+ Kf8
34. f6 e6 35. Qg7+ Bxg7 36. fxg7+ Kg8 37. Rxf7 Nxf7 38. Rc1 Ne8 39. Rc8 Nfd6
40. Nf6+ 1-0

[Event "41 Abierto Ciudad de Sevilla 2016"]
[Site "Sevilla ESP"]
[Date "2016.01.12"]
[Round "5.9"]
[White "Ramirez Guerrero, Enrique"]
[Black "Montero Melendez, Rafael"]
[Result "0-1"]
[WhiteElo "2010"]
[BlackElo "2373"]
[PlyCount "68"]
[EventDate "2016.01.08"]
[EventType "swiss"]
[EventRounds "9"]
[EventCountry "ESP"]
[Source "lmi"]
[SourceDate "2016.01.08"]

1. d4 Nf6 2. Nf3 c5 3. c3 d5 4. Bf4 Qb6 5. Qc1 Nc6 6. e3 Nh5 7. Bg3 Bg4 8. Be2
Rc8 9. Nbd2 Nxg3 10. hxg3 g6 11. Nb3 cxd4 12. Nfxd4 Bd7 13. O-O Bg7 14. Bf3 e6
15. Qd2 Ne5 16. Be2 O-O 17. Rab1 Rfd8 18. g4 Nc4 19. Qd1 e5 20. Nc2 Ba4 21. Nb4
d4 22. Bxc4 Rxc4 23. Qe2 Bb5 24. Qf3 Rxb4 25. cxb4 Bxf1 26. Rxf1 Qxb4 27. Rc1
dxe3 28. fxe3 e4 29. Qf4 Bxb2 30. Rc7 Qe1+ 31. Qf1 Qxe3+ 32. Kh1 Rf8 33. Rxb7
Be5 34. Nc1 Qg3 0-1

[Event "41 Abierto Ciudad de Sevilla 2016"]
[Site "Sevilla ESP"]
[Date "2016.01.12"]
[Round "5.10"]
[White "Barrenechea Bahamonde, Gustavo"]
[Black "Kogan, Arthur"]
[Result "1/2-1/2"]
[WhiteElo "2116"]
[BlackElo "2540"]
[PlyCount "143"]
[EventDate "2016.01.08"]
[EventType "swiss"]
[EventRounds "9"]
[EventCountry "ESP"]
[Source "lmi"]
[SourceDate "2016.01.08"]

1. e4 c5 2. Nf3 e6 3. c3 d5 4. e5 d4 5. Na3 Ne7 6. Bd3 Nec6 7. O-O g5 8. Nc4 b5
9. Nd6+ Bxd6 10. exd6 g4 11. Ne1 c4 12. Be2 d3 13. Bxg4 Qxd6 14. b3 Ne5 15. Bf3
Nbc6 16. a4 Ba6 17. Ba3 Nxf3+ 18. Qxf3 Qd5 19. Qf6 Rg8 20. bxc4 bxc4 21. f4 Qd8
22. Qh6 Nd4 23. Qxh7 Ne2+ 24. Kh1 Rg6 25. Qh8+ Kd7 26. Qe5 Qc7 27. Rb1 Rag8 28.
Qxc7+ Kxc7 29. f5 Rh6 30. Rf3 Bb7 31. Bd6+ Kc8 32. fxe6 Rxe6 33. Rxf7 Bxg2+ 34.
Nxg2 Rxd6 35. Rbb7 Rh8 36. Rbc7+ Kb8 37. Rb7+ Kc8 38. Rfc7+ Kd8 39. Rxc4 Rf6
40. h4 Rf3 41. Kh2 Rh6 42. Rg4 Kc8 43. Rxa7 Kb8 44. Re7 Rh8 45. a5 Rd8 46. Rb4+
Ka8 47. Rbb7 Rd6 48. Ra7+ Kb8 49. a6 Rb6 50. Rad7 Rf8 51. a7+ Ka8 52. Rxd3 Nc1
53. Rg3 Rb2 54. Rd7 Nb3 55. d4 Nd2 56. Rgg7 Nf1+ 57. Kh3 Rbf2 58. c4 R2f3+ 59.
Kg4 Rg3+ 60. Kh5 Rh8+ 61. Rh7 Rxh7+ 62. Rxh7 Rxg2 63. Kh6 Ne3 64. Rf7 Nxc4 65.
Rg7 Rd2 66. Rg4 Ne3 67. Re4 Nf5+ 68. Kg6 Nxd4 69. h5 Rg2+ 70. Kf6 Rh2 71. Kg6
Rg2+ 72. Kf6 1/2-1/2

[Event "41 Abierto Ciudad de Sevilla 2016"]
[Site "Sevilla ESP"]
[Date "2016.01.12"]
[Round "5.11"]
[White "Rizouk, Aimen"]
[Black "Fernandez Montero, Francisco M"]
[Result "1/2-1/2"]
[WhiteElo "2511"]
[BlackElo "2097"]
[PlyCount "47"]
[EventDate "2016.01.08"]
[EventType "swiss"]
[EventRounds "9"]
[EventCountry "ESP"]
[Source "lmi"]
[SourceDate "2016.01.08"]

1. e4 c5 2. Nf3 Nc6 3. Bb5 g6 4. Bxc6 dxc6 5. d3 Bg7 6. h3 Nf6 7. Nc3 Nd7 8.
Be3 e5 9. Qd2 h6 10. a3 Qe7 11. Na4 b6 12. b4 cxb4 13. axb4 Bb7 14. Nb2 f5 15.
Qc3 O-O 16. Nc4 c5 17. bxc5 fxe4 18. dxe4 Nxc5 19. Ncd2 Rfc8 20. Bxc5 Rxc5 21.
Qb3+ Kh7 22. O-O Qc7 23. c4 Bc8 24. Ne1 1/2-1/2

[Event "41 Abierto Ciudad de Sevilla 2016"]
[Site "Sevilla ESP"]
[Date "2016.01.12"]
[Round "5.12"]
[White "Montero Campuzano, Rafael"]
[Black "Campora Sivori, Daniel"]
[Result "0-1"]
[WhiteElo "2086"]
[BlackElo "2466"]
[PlyCount "75"]
[EventDate "2016.01.08"]
[EventType "swiss"]
[EventRounds "9"]
[EventCountry "ESP"]
[Source "lmi"]
[SourceDate "2016.01.08"]

1. e4 e5 2. Nf3 Nc6 3. Bb5 a6 4. Ba4 Nf6 5. O-O Be7 6. d3 d6 7. c3 O-O 8. Nbd2
Re8 9. Re1 Bf8 10. Nf1 g6 11. b4 Bg7 12. Ne3 Bd7 13. Bb3 h6 14. Bd2 Rf8 15. a4
Kh7 16. a5 Nh5 17. Rc1 f5 18. exf5 gxf5 19. Nxe5 Nxe5 20. Qxh5 f4 21. d4 fxe3
22. Bc2+ Kh8 23. dxe5 exd2 24. Qg6 Bf5 25. Bxf5 Rxf5 26. Qxf5 Bxe5 27. Rcd1
dxe1=Q+ 28. Rxe1 Qf6 29. Qd3 Rf8 30. f3 Bxc3 31. Re4 c5 32. bxc5 dxc5 33. Qd5
Bd4+ 34. Kf1 Qg5 35. Qxb7 Qc1+ 36. Ke2 Qc2+ 37. Ke1 Qxg2 38. Qxa6 0-1

[Event "41 Abierto Ciudad de Sevilla 2016"]
[Site "Sevilla ESP"]
[Date "2016.01.12"]
[Round "5.13"]
[White "Xu, Xiangyu"]
[Black "Moreto Quintana, Alex"]
[Result "1-0"]
[WhiteElo "2466"]
[BlackElo "2069"]
[PlyCount "71"]
[EventDate "2016.01.08"]
[EventType "swiss"]
[EventRounds "9"]
[EventCountry "ESP"]
[Source "lmi"]
[SourceDate "2016.01.08"]

1. e4 e5 2. Nf3 Nf6 3. Nc3 Bb4 4. Nxe5 O-O 5. Nd3 Bxc3 6. dxc3 Nxe4 7. Nf4 d6
8. Be3 Nc6 9. Bd3 Nc5 10. Be2 Ne7 11. O-O Nf5 12. Bxc5 dxc5 13. Qxd8 Rxd8 14.
Rad1 Nd6 15. Rd2 Bf5 16. Rfd1 Rd7 17. Bb5 c6 18. Bxc6 bxc6 19. Rxd6 Rxd6 20.
Rxd6 g5 21. Nh5 Bxc2 22. f4 gxf4 23. Rxc6 Rd8 24. Rxc5 Rd1+ 25. Kf2 Kf8 26.
Nxf4 Be4 27. Ra5 Rb1 28. b4 Rb2+ 29. Ke3 Bxg2 30. Rxa7 Bf1 31. h4 Rc2 32. Kd4
Rh2 33. h5 Rd2+ 34. Kc5 Rf2 35. Nd5 Rh2 36. b5 1-0

[Event "41 Abierto Ciudad de Sevilla 2016"]
[Site "Sevilla ESP"]
[Date "2016.01.12"]
[Round "5.14"]
[White "Morales Araujo, Francisco Javi"]
[Black "Sarkar, Justin"]
[Result "0-1"]
[WhiteElo "2070"]
[BlackElo "2407"]
[PlyCount "60"]
[EventDate "2016.01.08"]
[EventType "swiss"]
[EventRounds "9"]
[EventCountry "ESP"]
[Source "lmi"]
[SourceDate "2016.01.08"]

1. d4 Nf6 2. c4 g6 3. Nc3 d5 4. cxd5 Nxd5 5. Bd2 Nb6 6. e3 Bg7 7. f4 c5 8. dxc5
N6d7 9. Na4 e5 10. Nf3 exf4 11. exf4 O-O 12. Be2 Qe7 13. O-O Nxc5 14. Nxc5
Qxc5+ 15. Kh1 Nc6 16. Rc1 Qb6 17. b3 Bf5 18. Bc3 Bxc3 19. Rxc3 Rad8 20. Qc1
Rfe8 21. Bc4 Na5 22. Bxf7+ Kxf7 23. Rc7+ Kg8 24. Qc3 Rd7 25. Rc8 Rxc8 26. Qxc8+
Qd8 27. Qc3 Rd1 28. Re1 Be4 29. Ng5 Qc7 30. Qg3 Qc1 0-1

[Event "41 Abierto Ciudad de Sevilla 2016"]
[Site "Sevilla ESP"]
[Date "2016.01.12"]
[Round "5.15"]
[White "Coimbra, Margarida"]
[Black "Komljenovic, Davor"]
[Result "0-1"]
[WhiteElo "2056"]
[BlackElo "2394"]
[PlyCount "80"]
[EventDate "2016.01.08"]
[EventType "swiss"]
[EventRounds "9"]
[EventCountry "ESP"]
[Source "lmi"]
[SourceDate "2016.01.08"]

1. e4 g6 2. d4 Bg7 3. Nf3 d6 4. Nc3 a6 5. a4 b6 6. Be3 Bb7 7. h3 e6 8. Qd2 h6
9. Bd3 Ne7 10. O-O Nd7 11. Rfe1 g5 12. Rad1 Ng6 13. Ne2 Qe7 14. b4 Rg8 15. Ng3
Bh8 16. c3 a5 17. Bc2 Kd8 18. Rb1 Kc8 19. bxa5 Rxa5 20. Rb5 Ra8 21. Ra1 Bc6 22.
Rb2 Ra5 23. Qd1 Nh4 24. Nd2 f5 25. Nc4 Ra8 26. Bd2 fxe4 27. a5 b5 28. Na3 Nf6
29. Nxb5 Nxg2 30. Be3 Nh4 31. Qf1 Kd7 32. c4 g4 33. Nc3 h5 34. Ncxe4 Nf3+ 35.
Kh1 h4 36. Nxf6+ Qxf6 37. Ne4 Nxd4 38. Ba4 Qf3+ 39. Qg2 gxh3 40. Bxc6+ Kxc6 0-1

[Event "41 Abierto Ciudad de Sevilla 2016"]
[Site "Sevilla ESP"]
[Date "2016.01.12"]
[Round "5.16"]
[White "Corbalan Gomez, Juan Jose"]
[Black "Del Campo Gomez, Jose Luis"]
[Result "0-1"]
[WhiteElo "2274"]
[BlackElo "2065"]
[PlyCount "56"]
[EventDate "2016.01.08"]
[EventType "swiss"]
[EventRounds "9"]
[EventCountry "ESP"]
[Source "lmi"]
[SourceDate "2016.01.08"]

1. e4 e6 2. d4 d5 3. Nd2 c5 4. exd5 Qxd5 5. Ngf3 cxd4 6. Bc4 Qd6 7. O-O Nf6 8.
Nb3 Nc6 9. Nbxd4 Nxd4 10. Nxd4 a6 11. Re1 Qc7 12. Bd3 Bd7 13. c3 Bd6 14. h3
O-O-O 15. a4 e5 16. Nf5 Bc5 17. Bg5 e4 18. Bxf6 Bxf5 19. Bxd8 Rxd8 20. Bxe4
Bxe4 21. Qe2 Bd5 22. Qg4+ Be6 23. Qxg7 Qf4 24. Re2 Rd5 25. Qxh7 Rg5 26. Rd1 Bd5
27. Qh8+ Kc7 28. Rxd5 Rxd5 0-1